<?xml version="1.0" encoding="UTF-8"?>
<record
    xmlns:xsi="http://www.w3.org/2001/XMLSchema-instance"
    xsi:schemaLocation="http://www.loc.gov/MARC21/slim http://www.loc.gov/standards/marcxml/schema/MARC21slim.xsd"
    xmlns="http://www.loc.gov/MARC21/slim">

  <leader>00722nam a22001817a 4500</leader>
  <controlfield tag="005">20260611090857.0</controlfield>
  <controlfield tag="008">260609b        |||||||| |||| 00| 0 eng d</controlfield>
  <datafield tag="020" ind1=" " ind2=" ">
    <subfield code="a">N/A</subfield>
  </datafield>
  <datafield tag="040" ind1=" " ind2=" ">
    <subfield code="c">.</subfield>
  </datafield>
  <datafield tag="082" ind1=" " ind2=" ">
    <subfield code="a">378, 53123 M519 2003</subfield>
  </datafield>
  <datafield tag="100" ind1=" " ind2=" ">
    <subfield code="a">&#x62C;&#x627;&#x645;&#x639;&#x629; &#x627;&#x644;&#x645;&#x644;&#x643; &#x639;&#x628;&#x62F;&#x627;&#x644;&#x639;&#x632;&#x64A;&#x632; </subfield>
  </datafield>
  <datafield tag="245" ind1=" " ind2=" ">
    <subfield code="a">&#x645;&#x633;&#x62A;&#x62E;&#x644;&#x635;&#x627;&#x62A; &#x627;&#x644;&#x627;&#x628;&#x62D;&#x627;&#x62B; &#x627;&#x644;&#x645;&#x62F;&#x639;&#x645;&#x629; &#x645;&#x646; &#x62F;&#x627;&#x62E;&#x644; &#x627;&#x644;&#x62C;&#x627;&#x645;&#x639;&#x629; &#x62E;&#x644;&#x627;&#x644; &#x627;&#x644;&#x645;&#x62F;&#x629; &#x645;&#x646; 1406- 1420 : </subfield>
    <subfield code="b">&#x627;&#x644;&#x639;&#x644;&#x648;&#x645; &#x627;&#x644;&#x62A;&#x637;&#x628;&#x64A;&#x642;&#x64A;&#x629;  /</subfield>
    <subfield code="c">&#x62C;&#x627;&#x645;&#x639;&#x629; &#x627;&#x644;&#x645;&#x644;&#x643; &#x639;&#x628;&#x62F;&#x627;&#x644;&#x639;&#x632;&#x64A;&#x632; </subfield>
  </datafield>
  <datafield tag="250" ind1=" " ind2=" ">
    <subfield code="a">1 &#x637;</subfield>
  </datafield>
  <datafield tag="260" ind1=" " ind2=" ">
    <subfield code="b">&#x627;&#x644;&#x633;&#x639;&#x648;&#x62F;&#x64A;&#x629; , &#x62C;&#x62F;&#x629; , &#x62C;&#x627;&#x645;&#x639;&#x629; &#x627;&#x644;&#x645;&#x644;&#x643; &#x639;&#x628;&#x62F;&#x627;&#x644;&#x639;&#x632;&#x64A;&#x632; , 2003</subfield>
  </datafield>
  <datafield tag="300" ind1=" " ind2=" ">
    <subfield code="a">453 &#x635;</subfield>
    <subfield code="c">29 &#x633;&#x645; </subfield>
  </datafield>
  <datafield tag="650" ind1=" " ind2=" ">
    <subfield code="z">&#x62C;&#x627;&#x645;&#x639;&#x629; &#x627;&#x644;&#x645;&#x644;&#x643; &#x639;&#x628;&#x62F;&#x627;&#x644;&#x639;&#x632;&#x64A;&#x632; - &#x628;&#x62D;&#x648;&#x62B;</subfield>
  </datafield>
  <datafield tag="942" ind1=" " ind2=" ">
    <subfield code="2">ddc</subfield>
    <subfield code="c">BK-AR</subfield>
    <subfield code="n">0</subfield>
  </datafield>
  <datafield tag="999" ind1=" " ind2=" ">
    <subfield code="c">8972</subfield>
    <subfield code="d">8972</subfield>
  </datafield>
  <datafield tag="952" ind1=" " ind2=" ">
    <subfield code="0">0</subfield>
    <subfield code="1">0</subfield>
    <subfield code="2">ddc</subfield>
    <subfield code="4">0</subfield>
    <subfield code="7">0</subfield>
    <subfield code="a">CENTRAL</subfield>
    <subfield code="b">CENTRAL</subfield>
    <subfield code="d">2026-06-09</subfield>
    <subfield code="l">0</subfield>
    <subfield code="o">378 , 53123 M519 2003</subfield>
    <subfield code="p">1000000018125</subfield>
    <subfield code="r">2026-06-09 13:25:00</subfield>
    <subfield code="t">C1</subfield>
    <subfield code="w">2026-06-09</subfield>
    <subfield code="y">BK-AR</subfield>
  </datafield>
</record>
